| 000 | 00438nam a22001817a 4500 | ||
|---|---|---|---|
| 999 |
_c6272 _d6270 |
||
| 005 | 20210826095358.0 | ||
| 008 | 200518b xxu||||| |||| 00| 0 eng d | ||
| 020 | _a9798189747076 | ||
| 041 | _aeng | ||
| 082 | _a613.4 | ||
| 100 |
_aSampath Dr. k _95491 |
||
| 245 | _aA Concise Book of Cosmetic | ||
| 250 | _a6'th | ||
| 260 |
_aDelhi _bA Concise Book of Cosmetic _c250 |
||
| 300 | _a206, xii | ||
| 650 |
_aPharmacy _96678 |
||
| 942 | _cBK | ||